The Poetical Works Of Alexander Pope, Esq; Volume IV.

Podrobná bibliografia
Hlavný autor: Pope, Alexander, 1688-1744 (Autor)
Korporatívny autor: Kincaid, Creech and Balfour (Edinburgh, Veľká Británia) (Tlačiar)
Ďalší autori: Kincaid, Alexander, 1710-1777 (Tlačiar), Creech, William, 1745-1815 (Tlačiar), Balfour, John (Tlačiar)
Médium: Kniha
Jazyk:angličtina
Fyzický popis:vi, 224 strán 15 cm‬
Predmet:

MARC

LEADER 00000nam a2200000 4500
001 vtls012265396
003 SK-MaSNL
005 20260301232059.0
008 241014t1773 xxk r 00| 0 eng
015 |a SNBHFA1773 
040 |a SNKHF  |b slo  |c SNK  |e rda 
041 |a eng 
044 |a uk  |c GB 
072 7 |a 82-1/-8  |x Literatúra rôznych foriem a žánrov (o nej)  |2 konspekt 
080 |a 82-1  |2 2011 
100 1 |a Pope, Alexander,  |d 1688-1744  |4 aut  |9 64142 
245 1 4 |a The Poetical Works Of Alexander Pope, Esq;  |n Volume IV. 
264 3 |a Edinburgh  |b Printed for A. Kincaid and W. Creech, and J. Balfour  |c M,DCC,LXXIII (1773) 
300 |a vi, 224 strán  |c 15 cm‬ 
336 |a text  |b txt  |2 rdacontent 
337 |a bez média  |b n  |2 rdamedia 
338 |a zväzok  |b nc  |2 rdacarier 
500 |a Kustódy 
504 |a Register 
563 |a Väzba pôvodná, kožená.  |5 SNK ID 102213/4 
650 0 7 |a poézia  |2 SNKPH  |9 1274 
700 1 |a Kincaid, Alexander,  |d 1710-1777  |4 prt  |9 372937 
700 1 |a Creech, William,  |d 1745-1815  |4 prt  |9 313902 
700 1 |a Balfour, John  |4 prt  |9 313903 
710 1 |a Kincaid, Creech and Balfour (Edinburgh, Veľká Británia)  |4 prt  |9 372938 
752 |a Veľká Británia  |d Edinburgh 
852 |a snk  |b Aponiovská knižnica  |p ID 102213/4 
958 |a DD 
958 |a ONDV 
999 |c 960348  |d 962278 
952 |t Op. V/37  |a SNK  |b SNK  |c SNK_HF  |y PREZ  |7 0  |p 17A1534100  |o snkID 102213/4  |i snk2024/15826  |8 5  |0 0  |1 0  |4 0  |d 2024-10-14  |l 0  |r 2026-02-24 10:17:04  |w 2026-02-24